| 000 | 00761nam a2200229 a 4500 | ||
|---|---|---|---|
| 001 | BRCA_1329 | ||
| 005 | 20190320203358.0 | ||
| 008 | 920602s1991 mx-a---#b#---#000-0#spa-# | ||
| 020 | _a9686258213 | ||
| 040 |
_aDLC _cDLC |
||
| 050 | 4 |
_aSF284.42.M4 _b.C43 1991 |
|
| 100 | 1 |
_aChávez, Octavio _94350 |
|
| 245 | 1 | 0 |
_aLa charrería, tradición mexicana _cOctavio Chávez ; prólogo, Alfonso Rincón Gallardo. |
| 260 |
_aMéxico _bInstituto Mexiquense de Cultura _c1991 |
||
| 300 |
_a191 p. _bil. a color _c31 cm. |
||
| 500 | _aIncluye bibliografía del autor y glosario | ||
| 504 | _aBibliografía: p. 183 | ||
| 650 | 1 | 4 |
_aCharros _94351 |
| 651 | 4 |
_aMéxico _xVida social y costumbres _9769 |
|
| 700 | 1 |
_aRincón Gallardo, Alfonso _epról. _94352 |
|
| 942 |
_2lcc _cB |
||
| 999 |
_c1193 _d1193 |
||